Štúdium ocelí tlakovej nádoby VVER reaktorov pomocou pozitrónovej anihilačnej spektroskopie

Enregistré dans:
Détails bibliographiques
Auteur principal: Húska, Matúš (Auteur)
Autres auteurs: Kršjak, Vladimír (Directeur de thèse)
Format: Manuscrit Livre
Langue:slovaque
Publié: Bratislava : STU v Bratislave FEI, 2024
Sujets:
Accès en ligne:https://opac.crzp.sk/?fn=detailBiblioFormChildO10AR4&sid=90AD8DE72D6F932F5336616889DF&seo=CRZP-detail-kniha
Tags: Ajouter un tag
Pas de tags, Soyez le premier à ajouter un tag!

MARC

LEADER 00000ntm a22000003a 4500
001 stuzp95551
003 SK-STU
005 20250423131014.7
007 ta
008 150427s2015----xo-----f-mn---000-0-slo-d
040 |a STU  |b slo 
041 0 |a slo 
044 |a xo 
100 1 |a Húska, Matúš  |u 036000  |4 aut  |U FEI Fakulta elektrotechniky a informatiky  |T FEI Ústav jadrového a fyzikálneho inžinierstva  |X 106163  |U E060  |Y 817  |7 106163 
242 0 1 |a Study of VVER reactor pressure vessel steels using positron annihilation spectroscopy  |y eng 
245 1 0 |a Štúdium ocelí tlakovej nádoby VVER reaktorov pomocou pozitrónovej anihilačnej spektroskopie 
260 |a Bratislava :  |b STU v Bratislave FEI,  |c 2024 
300 |a 54 s. 
650 4 |a PAS  |2 slo 
650 4 |a mriežkové defekty  |2 slo 
650 4 |a radiačné krehnutie  |2 slo 
650 4 |a ocele a zvarové kovy TNR  |2 slo 
650 4 |a Radiation embrittlement  |2 eng 
650 4 |a PAS  |2 eng 
650 4 |a RPV steels and welds  |2 eng 
650 4 |a lattice defects  |2 eng 
700 1 |a Kršjak, Vladimír  |u 036000  |k Z2  |4 ths  |U FEI Fakulta elektrotechniky a informatiky  |T FEI Ústav jadrového a fyzikálneho inžinierstva  |X 1787  |U E060  |Y 817  |7 A000001787 
856 4 |u https://opac.crzp.sk/?fn=detailBiblioFormChildO10AR4&sid=90AD8DE72D6F932F5336616889DF&seo=CRZP-detail-kniha